000 00404nam a22001697a 4500
003 OSt
005 20211223095014.0
008 211223b |||||||| |||| 00| 0 eng d
020 _a0131225200
040 _cHUA
082 _22ed
_a004.6
100 _aUllman Widom
_924518
245 _aAfirst Coarse in Database Systems
260 _aNew Jersey
_bNew Jersey
300 _f511
942 _2ddc
_cBOOKS
_n0
999 _c23627
_d23627